003580000a22001210004500090001700000245007000017041001400087700003100101100003100132942001300163773004300176999001700219 aASbSeriadas10aObservación de propagulos en los géneros Ernodesmis y Struvea0 aEspañol1 aBodenbender, Sabine9993991 aSchnetter, Reinhard994050 cARTICULO1 tCaldasia345h71-75q399-403d1986g15 c14902d14902